| 000 | 00428nam a2200181Ia 4500 | ||
|---|---|---|---|
| 005 | 20250423100224.0 | ||
| 008 | 250422s9999 xx 000 0 und d | ||
| 020 | _a0-689-71492-0 | ||
| 050 | _aPZ 10.3 .H43 M57/ | ||
| 100 | _aHenry, Marguerite | ||
| 245 | 0 | _aMisty of chincoteague | |
| 260 | _aNew York | ||
| 260 | _bAladdin Paperbacks | ||
| 260 | _c1991 | ||
| 300 | _a173 p | ||
| 650 | _aPonies- Fiction | ||
| 942 | _cBK | ||
| 999 |
_c32647 _d32647 |
||